000 00564nam a2200133Ia 4500
008 171212s9999 xx 000 0 und d
100 _aHing, Bill Ong
245 _cHing, Bill Ong
_aTo Be An American
_bCultural Pluralism and the Rhetoric of Assimilation
260 _bNew York University Press
_c1997
440 _aCritical America
650 _aPluralism (Social sciences) -- United States; Immigrants -- United States; Acculturation -- United States; United States -- Ethnic relations
650 _aSociology
856 _uhttp://www.jstor.org/stable/j.ctt9qg8sg
999 _c351570
_d351570